000 00712nam a2200205Ia 4500
001 17622
003 GE_BSU
008 181216s||||||||xx |||||||||||||| ||und||
040 _cGE_BSU
080 _a69.057(035.3)
245 _aСправочник механика транспортного строительства.
245 _cПод ред. К.А.Соколова, ред. З.А.Некледаева.
250 _aИзд. 2-ое, перер. и дополненное.
260 _aМ.
260 _bТранспорт.
260 _c1996.
300 _a640 стр. 21 см.
653 _aСправочник механика транспортного строительства.
942 _cBK
999 _c50671
_d50671